000 00461nam a2200097Ia 4500
008 180130s9999 xx 000 0 und d
245 _cDagnan, Dave; Jahoda, Andrew J.; Kilbanc, Amy
_aPreparing people with intellectual disabilities for psychological treatment
260 _c2013
300 _aBook title: Psychological therapies for adults with intellectual disabilities--Acession number C20702; pages 55-68
650 _aPEOPLE WITH MENTAL DISABILITIES--PSYCHOLOGY
999 _c353892
_d353892